Quizzes
Events
Quiz Creation
Community
Videos
Private Events
Remove Ads
Sign In
Join for FREE
Feedback
Dark Mode
Quiz Categories
Sports
Geography
Music
Movies
Television
Just For Fun
Miscellaneous
History
Literature
Language
Science
Gaming
Entertainment
Religion
Holiday
For Kids
Quiz Lab
Recent
Popular Today
Quiz Kudos Today
Editor Picks
Curator Picks
Quizzes by...
Day
Popularity
Type
Ratings
Length
Year
Community
Subscriptions
Recent Discussions
Orange Saloon
Badges
Playlists
Quests
Create
Leaderboards
Showdown
Live 5
Trivia Bingo
Activity
Puzzle Library
Sporcle Events
Private Events
Virtual Trivia
Globe League
Become a Host
Pub Owners
SporcleCon
Opinionation
Our Games
Videos
Blog
Mobile Apps
Partnerships
Remove Ads and Go Orange
Feedback
Music
Pop Music
The Beatles
Song
Album
Lyrics
Bands
Singers
Artist
Clip
Rock
Rap
Classical
Billboard
Country Music
Kpop
Taylor Swift
Music
Pop Music
The Beatles
Song
Album
Lyrics
Bands
Singers
Artist
Clip
Rock
Rap
Classical
Billboard
Country Music
Kpop
Taylor Swift
Random Quiz
Search Sporcle
×
Quiz Lab
Quiz Lab
Music
Song
Type in answers that appear in a list
Type in answers that appear in a list
Classic
Best Score? Go Orange.
Songs in Other Words Stats
Can you name the Songs in Other Words?
By
GlassSlipper152
10m
20 Questions
360 Plays
360 Plays
360 Plays
Comments
Comments
Give Quiz Kudos
Give Quiz Kudos
-
- Ratings
hide this ad
More Info
Replay
Link that replays current quiz
Next Quiz
Link to next quiz in quiz playlist
You Got
0%
They Got
Avg Score
47%
Avg Friend Score
Upgrade to see
Score Distribution
Jump to the score distribution portion of the page
Score
0/20
Timer
10:00
0
Plays Today
Translation
Song Name
% Correct
Simply an urban male, who came into the world and was bred in the southern area of a major ciy of Michigan. At 0:00, he boarded a locomotive destined for nowhere in particular.
Don't Stop Believing
81.9%
Before departing, I clean my molars with a container of brand-
name whiskey, for when I do depart, I shant return until the morn.
Tik Tok
76.7%
A particular pleasure of mine is women with large tushes, and I cannot deny the truth of that fact.
Baby Got Back
76.4%
I have the inclination that this particular evening is going to be a fine evening, that this evening shall be a fine evening, that this evening shall be a fine, fine evening.
I Gotta Feeling
64.7%
Denim activewear complete with the logo of the Apple Bottom Company, footwear intended for winter weather complete with the outside covering of an animal.
Low
63.6%
He was a young male who enjoyed gliding around the world on his skateboard. One particular female bid him adieu, insisting that he was not worthy of exisiting in her presence.
Sk8er Boi
62.5%
There is no need for you to confess to your sins. I am already aware of what has surpassed, as I have spoken with the male involved... So, weep a body of water for me.
Cry Me a River
58.1%
Goodness! I do believe I have made another mishap! I toyed with your internal organ, and wound up confused because of it.
Oops! I Did it Again
57.5%
Let us imagine that the vehicles with wings soaring through the sky at dusk are similar to meteors or comets. My need for my heart's desire is superior to all else presently.
Airplanes
46.9%
Leave the area for dancing immediately, as if this were an emergency. The music has become like a disease to me.
Evacuate the Dancefloor
43.3%
Translation
Song Name
% Correct
It is possible that you will harbor angry feelings towards me; however, I am being honest. Farewell, farewell, farewell.
Bye, Bye, Bye
41.4%
I have no interest in your definition of self, your previous location, or your previous actions, so long as your affections are returned to me.
As Long as You Love Me
41.1%
Should you intend to shower me with affection, it is necessary for you to become one with my companions. Assure that this union will not cease, for such comraderie is eternal.
Wannabe
40.3%
O sibling who enjoys soulful music, is that not sir sir's voice echoing over the two music-
playing devices? Your method of motion is not just-
were you aware?
Hey Soul Sister
37.5%
Please, inform your male significant other, if he chooses to be offended, that I am one who does not consume meat, and I am nowhere near frightened by him.
Don't Trust Me
37.2%
It is an occurrence which was not forseen, but at its close, it is appropriate. I trust that your experience has been one of the best of your existence to this point.
Good Riddance
31.9%
I assure you, young one, I shall dispel upon you more than I shall receive. The problem remains-
I have not yet made your acquaintance.
Haven't Met You Yet
28.1%
Let us enjoy ourselves. This rhythmic pattern is quite unique and pleasant. I would enjoy taking a jaunt upon your 70's themed object of desire.
Lovegame
24.4%
Allow the H20 coming from the sky to rouse my nighttime visions. Allow it to cleanse my mental well-
being, for I do desire the sound of an approaching storm.
Come Clean
20%
That man with the generic name and I share children's stories together. We gaze upon the striking females. That one is the proper choice for you.
Mr. Jones
17.8%
Quiz Playlist
Details
Report
Send in Message
Add To Playlist
More Info:
Can you name the popular songs by their ridiculously verbose rephrasing? :)
Classic:
Type in answers that appear in a list
Last Updated: Feb 16, 2017
Quiz Scoreboard
CHALLENGE
Sign Up to Join the Scoreboard
Show All
Scores
Hide
Comments
May contain spoilers
Recently Published
TV Characters by Other Roles V
by ghcgh
Television
5m
Decade Duel: World Leaders
by jenniferyan
History
4m
Alphabetical 'K' Countries by Flag Minefield
by ylime102
Geography
3m
More to Explore
Quiz From the Vault
Featured Blog Post
15 Basketball Trivia Facts You Can Be March Mad About
hide this ad
You Might Also Like...
Tags
Song Quiz
In Other Words
Today's Top Quizzes in Music
Browse Music
hide this ad
Today's Top Quizzes in Song
Browse Song
Top Contributed Quizzes in Music
1
Taylor Swift All Songs (2024)
2
Decade Duel: Singer
3
Taylor Swift Logic Puzzle
4
KPOP LOGIC QUIZ
5
Guess the Taylor Swift song (Mystery Song)
6
Guess The Taylor Swift Lyrics Song #1
7
A Taylor Swift Logic Puzzle
8
kpop group name match up
9
2 word kpop group match
10
Madness Songs By Image
Explore More
Trending Topics
Disney
Anime
Harry Potter
NBA
Kpop
Crossword
Marvel
The Office
Country
Soccer
WWE
Song
NFL
Puzzle
Pokémon
hide this ad
More By:
GlassSlipper152
Quiz
Plays
Rating
Category
Featured
Created
Pokemon Pick-up Lines!
9,467
4.03
Gaming
Jun 7, 2010
Six Word Disney Stories
2,676
3.90
Movies
Jun 13, 2010
Songs in Other Words
360
5.00
Music
Jun 6, 2010
Go to Creator's Profile
Score Distribution
Quiz Creator Spotlight
GlassSlipper152
Follow
Send a Message
Quizzes Created
-
Created Quiz Play Count
-
More By This Creator
Popular Quizzes Today
1
Countries of Asia Without Outlines Minefield
2
Find the US States - No Outlines Minefield
3
Pick 6: Fruits
4
The Countries of the World
5
Find the Countries of Europe - No Outlines Minefield
6
Alphabetical 'K' Countries by Flag Minefield
7
US States
8
Find the US States
More Music Quizzes
► Get the Picture: Beatles or Stones Albums
Curator's Pick
Trending Quizzes
Pick 6: Mountains
Pick 6: Harry Potter
Pick 6: NFL Teams
Pick 6: Flags
C Names for Actors
Recently Updated
Adaptations: Name the Title
pecheneg
NWSL Teams
pecheneg
Women's Final Four Teams by Year
bhenderson79
Presidents Quartet II
eogle
Anything But Clue(do)
eogle
Anything But Oceanian Capitals
eogle
Anything But 7
eogle
Anything But Thing
eogle
Word Ladder: February 29
pecheneg
Song Title Questions
pecheneg
Trending Topics
Anime
Crossword
NBA
Harry Potter
Marvel
Disney
Kpop
Puzzle
NFL
Soccer
Song
Country
Pokémon
The Office
WWE
Your Account Isn't Verified!
In order to create a playlist on Sporcle, you need to verify the email address you used during registration. Go to your
Sporcle Settings
to finish the process.
Report this User
Report this user for behavior that violates our
Community Guidelines
.
Details:
Send Report
Go to the Sporcle.com Mobile Site →
Comments